000
00292nam a2200121 a 4500
008
100914s1974|||| d
245
1
0
_a
Srdce v kameni
100
1
_a
Devečková, Anna
260
_c
1974
_a
Bratislava
_b
Slovenský spisovateľ
020
_c
13
044
_a
xo
_c
SK
041
_a
slo
999
_c
10289
_d
10289